000 01138nam0a2200313 4500
001 RU\NLR\bibl\34660
005 20260406132259.0
010 _a5-7905-0308-X
_930000
021 _aRU
_b99-14238
_9686
035 _a(NLR Aleph) 000033774
090 _a171408
_c171408
100 _a19990623d1999 |||y0rusy50 ca
101 0 _arus
102 _aRU
105 _ay |||||||||
200 1 _a100 рецептов народной медицины
_f[Сост. Н. Даников]
210 _aМ.
_cРИПОЛ КЛАССИК
_d1999
215 _a64 с.
_d14
225 1 _aСерия "Карманная библиотечка"
606 0 _aРецептура в народной медицине
_92096005
_3RU\NLR\auth\661268176
606 0 _aНародная медицина
_xРецепты
_92096008
_3RU\NLR\auth\661268178
686 _aР359.2
702 1 _4220
_8rus
_7ca
_aДаников
_bН. И.
_f1960-
_gНиколай Илларионович
_3RU\NLR\auth\771814
_9111832
801 0 _aRU
_bNLR
_c19990623
_gPSBO
801 1 _aRU
_bNLR
_c19990623
852 _aNLR
_j99-1/271
942 _cBOOK
980 _aNB